Máquinas eléctricas y transformadores
Сохранить в:
| Главный автор: | |
|---|---|
| Формат: | |
| Язык: | испанский |
| Опубликовано: |
Barcelona
Reverté
1975
|
| Предметы: | |
| Метки: |
Добавить метку
Нет меток, Требуется 1-ая метка записи!
|
MARC
| LEADER | 00000nam a2200000 a 4500 | ||
|---|---|---|---|
| 001 | UCV6289 | ||
| 003 | CL-VaPUC | ||
| 008 | 910109e19750000SP |||||||||||||||||spa|d | ||
| 082 | 0 | 4 | |a 621.313 |b KOS |2 21 |
| 100 | |a Kosow, Irving L |e author |9 456016 | ||
| 245 | 1 | 0 | |a Máquinas eléctricas y transformadores |
| 300 | |a 727 p | ||
| 942 | |c BK | ||
| 945 | |d 19910109 00:00:00 | ||
| 260 | |a Barcelona |b Reverté |c 1975 | ||
| 650 | 0 | |a Máquinas eléctricas |9 260079 | |
| 650 | 0 | |a Transformadores eléctricos |9 263198 | |
| 583 | |a last modification |c 19910109 00:00:00 |k Rodrigo Vera | ||
| 999 | |c 212440 |d 212438 | ||
| 952 | |0 0 |1 0 |2 ddc |4 0 |6 621_313000000000000_KOS_1975 |7 0 |8 A |9 193421 |a BIBING |b BIBING |c RES |d 2019-11-14 |i 2612542 |o 621.313 KOS 1975 |p 2612542 |r 2025-01-20 |w 2019-11-14 |y BK |k EIE | ||
| 952 | |0 0 |1 0 |2 ddc |4 0 |6 621_313000000000000_KOS_1975 |7 0 |8 A |9 193422 |a BIBING |b BIBING |c RES |d 2019-11-14 |i 1717480 |o 621.313 KOS 1975 |p 1717480 |r 2025-01-20 |w 2019-11-14 |y BK |k EIE | ||
| 952 | |0 0 |1 0 |2 ddc |4 0 |6 621_313000000000000_KOS_1975 |7 0 |8 A |9 193423 |a BIBING |b BIBING |c RES |d 2019-11-14 |i 3300242 |o 621.313 KOS 1975 |p 3300242 |r 2025-01-20 |w 2019-11-14 |y BK |k EIE | ||